00911nam a2200241Ia 4500003000900000008004100009020002700050022002200077022002300099040001600122100002900138245004400167260003100211300001500242490002800257650001500285650003900300700002700339856010800366942000700474999001700481952017100498IN-BaIIA211028s9999 xx s 000 0 eng d a2-86883-597-X (Online) a1633-4760 (Print) a1638-1963 (Online) cIIA Library aBienayme, O., ed.938114 0aGAIA: A European Space Projecth[eBook] aFrancebEDP Sciencesc2002 aiii, 394p. aEAS Publications Series aAstrometry aGAIA (Artificial satellite)938115 aTuron, C., ed. 938116 uhttps://www.eas-journal.org/articles/eas/abs/2002/01/contents/contents.htmlyClick Here to Access eBook cEB c20596d20596 00104070aBANbBANd2013-01-01eEDP ScienceshV. 2l0pEB56r2021-11-05uhttps://www.eas-journal.org/articles/eas/abs/2002/01/contents/contents.htmlw2021-11-05yEB